Mountain Lion Sudden Death - Statistics

General Stats
  • This quiz has been taken 13 times
  • The average score is 5 of 23
Answers on the Grid
Answers color-coded by a green-red scale on the quiz's grid according to % correct below.
American lion
Bobcat
Brown tiger
Caracal
Catamount
Cougar
Deer cat
Deer tiger
Fishing cat
Florida panther
Geoffrey's cat
Ghost cat
King cat
Jaguarundi
Lynx
Mexican lion
Mountain demon
Mountain devil
Mountain screamer
Oncilla
Painted cat
Painter
Pampas cat
Panther
Puma
Purple feather
Red lion
Red panther
Red tiger
Serval
Silver lion
Sneak cat
 
Answer Stats
Answer % Correct
Cougar
91%
American lion
82%
Florida panther
55%
Puma
55%
Panther
45%
Catamount
36%
Mexican lion
27%
Mountain demon
18%
Mountain devil
18%
Mountain screamer
18%
Ghost cat
9%
Painted cat
9%
Sneak cat
9%
Brown tiger
0%
Deer cat
0%
Deer tiger
0%
King cat
0%
Painter
0%
Purple feather
0%
Red lion
0%
Red panther
0%
Red tiger
0%
Silver lion
0%
No matching quizzes found
Score Distribution
Percent of People with Each Score
Percentile by Number Answered
Your Score History
You have not taken this quiz